|
|
|
|
| LEADER |
01691nam a2200361 a 4500 |
| 001 |
40217 |
| 003 |
BD-DhAAL |
| 005 |
20221214150925.0 |
| 008 |
221214t1987 mdua b 001 0 eng |
| 999 |
|
|
|c 45183
|d 45183
|
| 010 |
|
|
|a 86027613
|
| 020 |
|
|
|a 0801835003 (pbk.)
|c $16.50
|
| 040 |
|
|
|a DLC
|c DLC
|d DLC
|d BD-DhAAL
|
| 043 |
|
|
|a d------
|
| 050 |
0 |
0 |
|a HD9018.D44
|b F665 1987
|
| 082 |
0 |
0 |
|a 363.856091724
|2 21
|
| 245 |
0 |
0 |
|a Food policy :
|b integrating supply, distribution, and consumption /
|c edited by J. Price Gittinger, Joanne Leslie and Caroline Hoisington.
|
| 260 |
|
|
|a Baltimore :
|b Published for the World Bank [by] Johns Hopkins University Press,
|c c1987.
|
| 300 |
|
|
|a xiv, 567 pages :
|b illustration ;
|c 24 cm.
|
| 490 |
|
|
|a EDI series in economic development
|
| 500 |
|
|
|a Includes bibliographical references (p. 509-555) and index.
|
| 541 |
|
|
|a Donated By Akbar Ali Khan
|e 40217
|
| 650 |
|
0 |
|a Food supply
|z Developing countries.
|9 52897
|
| 650 |
|
0 |
|a Nutrition policy
|z Developing countries.
|9 52898
|
| 650 |
|
0 |
|a Agriculture and state
|z Developing countries.
|9 52899
|
| 700 |
1 |
|
|a Gittinger, J. Price
|q (James Price),
|d 1928-
|9 52900
|
| 700 |
1 |
|
|a Leslie, Joanne.
|9 52901
|
| 700 |
1 |
|
|a Hoisington, Caroline.
|9 52902
|
| 710 |
2 |
|
|a Economic Development Institute (Washington, D.C.)
|9 52903
|
| 830 |
|
|
|a EDI series in economic development
|9 52904
|
| 852 |
|
|
|a Ayesha Abed Library
|c Akbar Ali Khan Collection
|
| 942 |
|
|
|2 ddc
|c BK
|
| 952 |
|
|
|0 0
|1 0
|2 ddc
|4 0
|6 363_856091724000000_FOO
|7 1
|9 72496
|a BRACUL
|b BRACUL
|c AAKC
|d 2022-12-14
|e Donated by Akbar Ali Khan
|g 1695.92
|l 0
|o 363.856091724 FOO
|p 3010040217
|r 2022-12-14
|t 1
|v 1695.92
|w 2022-12-14
|y BK
|x price collected from Library of Congress(14.12.2022)
|